| 000 | 00513cam a22001931 4500 | ||
|---|---|---|---|
| 001 | sa 64004245 | ||
| 003 | DLC | ||
| 005 | 20260227112023.0 | ||
| 008 | 790712s1963 ii 000 0 eng | ||
| 010 | _asa 64004245 | ||
| 035 | _a(OCoLC)5162804 | ||
| 040 |
_aDLC _cMnMohC _dDLC |
||
| 050 | 0 | 0 |
_aBL1130 _b.J3 |
| 100 | 0 |
_aJaya Chamaraja Wadiyar, _d1919-1974. |
|
| 245 | 1 | 4 | _aThe Gītā and Indian culture. |
| 260 |
_aBombay, _bOrient Longmans _c[1963] |
||
| 300 |
_aiv, 68 p. _c19 cm. |
||
| 630 | 0 | 0 | _aBhagavadgītā. |
| 999 |
_c58392 _d58392 |
||